Một số xu hướng phát triển chủ yếu hiện nay của nền kinh tế thế giới (Sách chuyên khảo)

שמור ב:
מידע ביבליוגרפי
מחבר ראשי: Nguyễn Xuân Thắng
פורמט: ספר
שפה:Vietnamese
יצא לאור: Khoa học xã hội 2003
תגים: הוספת תג
אין תגיות, היה/י הראשונ/ה לתייג את הרשומה!
Thư viện lưu trữ: Mạng thư viện Đại học Đà Nẵng
LEADER 00721nam a2200253 4500
001 000020346
003 16791
005 20150316140359.0
008 150316s2003 viesd
020 |c 26000 
041 0 |a vie 
082 1 4 |a 337  |b NG-T 
100 1 |a Nguyễn Xuân Thắng 
245 1 0 |a Một số xu hướng phát triển chủ yếu hiện nay của nền kinh tế thế giới (Sách chuyên khảo)  |c Nguyễn Xuân Thắng 
260 |b Khoa học xã hội  |c 2003 
300 |a tr.  |c cm. 
OWN |a LSP 
999 |a From the UDN01 
TYP |a Monograph 
TYP |a Printed language 
980 |a Mạng thư viện Đại học Đà Nẵng